Theory of Relativity /

Shranjeno v:
Bibliografske podrobnosti
Glavni avtor: Pauli, Wolfgang (autor)
Format: Knjiga
Jezik:angleščina
Izdano: Nueva York, EUA : Dover, 1981, c1958
Oznake: Označite
Brez oznak, prvi označite!

MARC

LEADER 00000nam^a2200000^a^4500
001 000578353
005 20250521000000.0
009 20260310132508.084
020 |a 0-486-64152-X 
037 |a Acervo ITESO - Biblioteca 
041 |a ING 
091 |a FLG. 00344 
100 |a Pauli, Wolfgang  |e (autor) 
245 1 0 |a Theory of Relativity / 
264 4 |a Nueva York, EUA :  |b Dover,  |c 1981, c1958 
300 |a XIV, 241 p. 
336 |a texto  |b txt  |2 rdacontenido 
337 |a sin mediación  |b n  |2 rdamedio 
338 |a volumen  |b nc  |2 rdasoporte 
649 |a XX 
910 |a Fondo Luis González de Alba 
920 |a Impresos - Libros 
930 |a Fondos Especiales 
905 |a 141 
901 |a 0500397937  |b IT2  |c ESP  |i D103701  |u 20250521 
902 |a https://opac.biblio.iteso.mx/vufind/Record/000578353